000 01392nam1a22002891 4500
001 rc\198940
005 20210805163015.0
035 _a(NLR Aleph) 005621129
090 _a6496251
_c6496251
100 _a20030307d1992 u |0rusy50 ca
101 0 _arus
102 _aRU
105 _ay |||||||||
200 1 _aСПАССКИЙ вестник
_e[Сб. ст.]
_fМ-во культуры РСФСР. Гос. мемор. и природ. музей-заповедник И.С. Тургенева "Спасское-Лутовиново" и др.
_g[Редкол.: ... В.А. Громов (отв. ред.) и др.]
210 _aТула
_cБ. и.
_d1992
215 _d20
300 _aВ надзаг. также: Упр. культуры Орл. облисполкома, Орл. гос. пед. ин-т
320 _aБиблиогр. в примеч. в конце ст.
320 _aС № 2 (1993) издание хранится в журн. фонде, см. шифр: П34/1052
702 1 _aГромов
_bВ. А.
_f1929-
_gВладимир Алексеевич
_4340
712 0 2 _a"Спасское-Лутовиново", усадьба-заповедник И. С. Тургенева
_cОрловская обл.
_3RU\NLR\AUTH\8810067716
_4570
801 0 _aRU
_bNLR
_gpsbo
801 1 _aRU
_bELAR
_2rusmarc
852 _aNLR
_j93-4/7868
942 _cBOOK
980 _aNB